The American Nation : a history of the United States to 1877
Long positioned and respected as a bestseller for the market segment that focuses on political history as its framework, this textbook's most significant strength is its rich and distinctive prose. For this Tenth Edition, Garraty selected a distinguished co-author, Mark Carnes of Barnard Colleg...
Sparad:
| Huvudupphovsman: | |
|---|---|
| Materialtyp: | Bok |
| Språk: | Undetermined |
| Publicerad: |
New York
Harper & Row
1966
|
| Ämnen: | |
| Taggar: |
Lägg till en tagg
Inga taggar, Lägg till första taggen!
|
| Thư viện lưu trữ: | Trung tâm Học liệu Trường Đại học Cần Thơ |
|---|
| LEADER | 01411nam a2200217Ia 4500 | ||
|---|---|---|---|
| 001 | CTU_186319 | ||
| 008 | 210402s9999 xx 000 0 und d | ||
| 082 | |a 973 | ||
| 082 | |b G238/Vol.1 | ||
| 100 | |a Garraty, John A. | ||
| 245 | 4 | |a The American Nation : | |
| 245 | 2 | |b a history of the United States to 1877 | |
| 245 | 0 | |c John A. Garraty, Robert A. McCaughey | |
| 260 | |a New York | ||
| 260 | |b Harper & Row | ||
| 260 | |c 1966 | ||
| 520 | |a Long positioned and respected as a bestseller for the market segment that focuses on political history as its framework, this textbook's most significant strength is its rich and distinctive prose. For this Tenth Edition, Garraty selected a distinguished co-author, Mark Carnes of Barnard College at Columbia University, to join him in revising The American Nation. The two have collaborated on and co-edited the prestigious American National Biography Series by Oxford, as well as Mapping America's Past, a well-known trade atlas for Henry Holt. Throughout the new Tenth Edition, the authors updated the scholarship, integrated more social and cultural history, revised the final chapters, and added a new chapter (33) to better address issues of the 1990s that culminated in the Clinton impeachment scandal. | ||
| 650 | |a History,Lịch sử | ||
| 650 | |z United States,Hoa Kỳ | ||
| 904 | |i Qhieu | ||
| 980 | |a Trung tâm Học liệu Trường Đại học Cần Thơ | ||